Marcas renombradas y nombres de dominio en Internet: en torno a la ciberpiratería
Salvato in:
| Autore principale: | |
|---|---|
| Natura: | Libro |
| Lingua: | spagnolo |
| Pubblicazione: |
Madrid
Civitas
2001
|
| Edizione: | 1a. ed |
| Serie: | Estudios de Derecho Mercantil
|
| Soggetti: | |
| Tags: |
Aggiungi Tag
Nessun Tag, puoi essere il primo ad aggiungerne!!
|
MARC
| LEADER | 00000nam a2200000 a 4500 | ||
|---|---|---|---|
| 001 | UCL9249 | ||
| 003 | CL-VaPUC | ||
| 008 | 040730e20010000SP |||||||||||||||||spa|d | ||
| 020 | |a 8447016927 | ||
| 082 | 0 | 4 | |a 346.048 |b SAN |2 21 |
| 100 | 0 | |a Sanz de Acedo Hecquet, Etienne |e author |9 487059 | |
| 245 | 1 | 0 | |a Marcas renombradas y nombres de dominio en Internet: en torno a la ciberpiratería |
| 250 | |a 1a. ed | ||
| 300 | |a 195 p | ||
| 942 | |c BK | ||
| 945 | |d 20040730 00:00:00 |a cmena | ||
| 260 | |a Madrid |b Civitas |c 2001 | ||
| 650 | 0 | |a Internet |9 254823 | |
| 650 | 0 | |a Comercio electrónico |9 428366 | |
| 650 | 0 | |a Marcas comerciales |9 386702 | |
| 650 | 7 | |a DIRECCIONES ELECTRONICAS |2 CL-VaPUC |9 463537 | |
| 650 | 7 | |a NOMBRES DE DOMINIO |2 CL-VaPUC |9 463538 | |
| 650 | 0 | |a Aspectos jurídicos |9 328188 | |
| 650 | 0 | |a Delitos informáticos |9 371882 | |
| 650 | 7 | |a PIRATERIA |2 CL-VaPUC |9 368781 | |
| 583 | |a last modification |c 20040730 00:00:00 |k Rodrigo Vera | ||
| 490 | 0 | |a Estudios de Derecho Mercantil | |
| 999 | |c 310113 |d 310111 | ||
| 952 | |0 0 |1 0 |4 0 |6 346_048000000000000_SAN_2001 |7 0 |8 A |9 378241 |a BIBDER |b BIBDER |d 2019-11-21 |i 4041690 |o 346.048 SAN 2001 |p 4041690 |r 2023-01-25 |w 2019-11-21 |y BK |k DER | ||